[Event "Arber op 7th"]
[Site "Bodenmais"]
[Date "2018.08.04"]
[Round "8"]
[White "Nusser, Hans Karl"]
[Black "Gaedt, Mario"]
[Result "0-1"]
[WhiteElo "1743"]
[BlackElo "1506"]
[PlyCount "130"]
[EventDate "2018.07.28"]
[EventType "swiss"]
[EventRounds "9"]
[EventCountry "GER"]
[SourceTitle "EXT 2019"]
[Source "ChessBase"]
[SourceDate "2018.10.10"]
[SourceVersion "1"]
[SourceVersionDate "2018.10.10"]
[SourceQuality "1"]

1. d4 Nf6 2. c4 g6 3. Nc3 Bg7 4. e4 d6 5. Nf3 0-0 6. Be2 c5 7. 0-0 cxd4 8. Nxd4 a6 9. Be3 b6 10. f3 Bb7 11. Qd2 Nbd7 12. Rfc1 Qc7 13. Bh6 Rac8 14. Bxg7 Kxg7 15. Rc2 Qb8 16. Rac1 Rfd8 17. Na4 Qa7 18. Qe3 Kg8 19. Nb3 Bc6 20. Nc3 Bb7 21. Nd2 Nf8 22. Nd5 Nxd5 23. exd5 Re8 24. Ne4 Rc7 25. Nf6+ exf6 26. Qxe8 Bc8 27. Qe3 Re7 28. Qf2 Bf5 29. Rc3 a5 30. Re3 Rc7 31. a4 Nd7 32. Bd3 Bxd3 33. Rxd3 Nc5 34. Ra3 Qb8 35. Rcc3 Qf8 36. Re3 f5 37. Qe2 Qh6 38. Ra1 Kg7 39. b3 Qg5 40. Qb2+ Kh6 41. Rae1 f4 42. Rc3 Qf6 43. Qd2 g5 44. Re8 Nd7 45. Re4 Ne5 46. Qd4 Rb7 47. Rc1 Qg6 48. Rb1 f5 49. Rxe5 dxe5 50. Qxe5 Rf7 51. Re1 Rf6 52. Qe7 g4 53. Re6 Rxe6 54. Qxe6 gxf3 55. Qxg6+ Kxg6 56. d6 Kf7 57. Kf2 fxg2 58. Kxg2 Ke6 59. d7 Kxd7 60. Kf3 Kc6 61. Kxf4 Kc5 62. Kxf5 Kb4 63. Kg5 Kxb3 64. Kh6 Kxa4 65. Kxh7 Kb4 0-1

[Event "Arber op 7th"]
[Site "Bodenmais"]
[Date "2018.08.02"]
[Round "6"]
[White "Karayilan, Nilufer"]
[Black "Gaedt, Mario"]
[Result "1/2-1/2"]
[WhiteElo "1326"]
[BlackElo "1506"]
[PlyCount "72"]
[EventDate "2018.07.28"]
[EventType "swiss"]
[EventRounds "9"]
[EventCountry "GER"]
[SourceTitle "CBM 185 Extra"]
[Source "ChessBase"]
[SourceDate "2018.07.29"]
[SourceVersion "1"]
[SourceVersionDate "2018.07.29"]
[SourceQuality "1"]

1. d4 Nf6 2. c4 g6 3. Nf3 Bg7 4. Nc3 0-0 5. e4 d6 6. Bd3 c5 7. d5 e6 8. 0-0 Re8 9. Rb1 Na6 10. a3 exd5 11. exd5 Nc7 12. h3 a6 13. Bg5 h6 14. Bf4 Rb8 15. Qc2 b5 16. b3 Nh5 17. Bh2 Bf8 18. Ne4 Ng7 19. g4 f5 20. gxf5 Bxf5 21. Nh4 Bxe4 22. Bxe4 Qxh4 23. Bxg6 Red8 24. Qd3 Rd7 25. Rfe1 Re7 26. Rxe7 Bxe7 27. Re1 Bf8 28. Kg2 Nce8 29. Re4 Qd8 30. Rf4 Nf6 31. Qf3 Be7 32. Qe3 Rb7 33. Bg3 Nfh5 34. Bxh5 Nxh5 35. Rg4+ Ng7 36. Qxh6 Bf6 1/2-1/2

[Event "Mecklenburg VP LL2 Ost 1718"]
[Site "Mecklenburg VP"]
[Date "2017.11.26"]
[Round "3.8"]
[White "Krautschick, Clemens"]
[Black "Gaedt, Mario"]
[Result "1-0"]
[WhiteElo "1831"]
[BlackElo "1271"]
[PlyCount "67"]
[EventDate "2017.10.08"]
[EventType "team-tourn"]
[EventRounds "9"]
[EventCountry "GER"]
[SourceTitle "EXT 2022"]
[Source "ChessBase"]
[SourceDate "2021.10.06"]
[SourceVersion "1"]
[SourceVersionDate "2021.10.06"]
[SourceQuality "1"]
[WhiteTeam "Rostock SSC 07 II"]
[BlackTeam "Binz Therme Ruegen"]
[WhiteTeamCountry "GER"]
[BlackTeamCountry "GER"]

1. e4 c5 2. d3 d6 3. g3 e6 4. Bg2 Be7 5. Nf3 Nf6 6. 0-0 0-0 7. e5 Nfd7 8. exd6 Bxd6 9. Ng5 Nf6 10. Nc3 a6 11. Re1 Nc6 12. Be3 Qc7 13. Nce4 Nd7 14. Qh5 h6 15. Nxd6 Nf6 16. Qe2 Qxd6 17. Ne4 Nxe4 18. dxe4 b6 19. e5 Qc7 20. c3 Bb7 21. f4 Ne7 22. Bxb7 Qxb7 23. Bf2 Kh8 24. g4 Ng8 25. Rf1 Rad8 26. Bh4 Rd7 27. f5 exf5 28. gxf5 Re8 29. Rad1 Rd5 30. e6 Rxd1 31. Rxd1 fxe6 32. fxe6 Qc8 33. Rd7 Qc6 34. Qe5 1-0

[Event "Arber op 6th"]
[Site "Bodenmais"]
[Date "2017.08.01"]
[Round "4"]
[White "Gaedt, Mario"]
[Black "Krejci, Vera Marie"]
[Result "1-0"]
[WhiteElo "1528"]
[BlackElo "1436"]
[PlyCount "127"]
[EventDate "2017.07.29"]
[EventType "swiss"]
[EventRounds "9"]
[EventCountry "GER"]
[SourceTitle "CBM 179 Extra"]
[Source "ChessBase"]
[SourceDate "2017.08.23"]
[SourceVersion "1"]
[SourceVersionDate "2017.08.23"]
[SourceQuality "1"]

1. d4 e6 2. Nf3 d5 3. c4 c5 4. cxd5 exd5 5. dxc5 Bxc5 6. g3 Nf6 7. Bg2 0-0 8. 0-0 Nc6 9. Nbd2 Be6 10. Nb3 Bb6 11. Bg5 h6 12. Bf4 Bc7 13. Bxc7 Qxc7 14. Rc1 Qe7 15. Nbd4 Nxd4 16. Nxd4 Rac8 17. Qd2 Rxc1 18. Rxc1 b6 19. a3 Rd8 20. Nc6 Qd7 21. Nxd8 Qxd8 22. Qc3 Kh7 23. b4 d4 24. Qd3+ g6 25. e3 Qd7 26. Qxd4 Qe7 27. h3 h5 28. f4 Kh6 29. Qe5 Kh7 30. Kf2 Qd8 31. Qd4 Qe7 32. Rd1 Kg7 33. Qe5 Kh7 34. e4 Ng8 35. f5 gxf5 36. exf5 Qg5 37. Be4 f6 38. fxe6+ Kh8 39. Qxg5 fxg5 40. Rd8 Kg7 41. Rd7+ Kf6 42. Bd5 a5 43. b5 Ne7 44. Bc4 Nf5 45. Rf7+ Ke5 46. e7 Nd6 47. e8Q+ Nxe8 48. Re7+ Kd4 49. Rxe8 Kxc4 50. a4 Kb4 51. Re4+ Kb3 52. Ke3 Kc3 53. Rd4 h4 54. gxh4 gxh4 55. Rxh4 Kb3 56. Rg4 Kc3 57. h4 Kb3 58. h5 Kc3 59. h6 Kb3 60. Kd2 Kb2 61. h7 Ka3 62. Kc1 Kb3 63. h8Q Ka3 64. Qb2# 1-0